Beautiful Boy / (Record no. 22624)

000 -LEADER
fixed length control field 00916nam a2200217 4500
005 - DATE AND TIME OF LATEST TRANSACTION
control field 20260416135751.0
008 - FIXED-LENGTH DATA ELEMENTS--GENERAL INFORMATION
fixed length control field 260416b xxu||||| |||| 00| 0 eng d
040 ## - CATALOGING SOURCE
Transcribing agency Cagayan State University
082 ## - DEWEY DECIMAL CLASSIFICATION NUMBER
Classification number 791.4372
245 ## - TITLE STATEMENT
Title Beautiful Boy /
Remainder of title directed and written by Shawn Ku ; written by Michael Armbruster.
260 ## - PUBLICATION, DISTRIBUTION, ETC. (IMPRINT)
Place of publication, distribution, etc Los Angeles, California, USA
Name of publisher, distributor, etc First Point Entertainement, Braeburn Entertainment, Goldrush Entertainment.
Date of publication, distribution, etc 2011
300 ## - PHYSICAL DESCRIPTION
Extent 1 video file ( ca. 100 min) :
Other physical details sound, color.
520 ## - SUMMARY, ETC.
Summary, etc A married couple on the verge of separation are leveled by the news their 18-year-old son committed a mass shooting at his college, then took his own life.
650 ## - SUBJECT ADDED ENTRY--TOPICAL TERM
Topical term or geographic name as entry element Drama.
700 ## - ADDED ENTRY--PERSONAL NAME
Personal name Ku, Shawn, director and writer.
700 ## - ADDED ENTRY--PERSONAL NAME
Personal name Armbruster, Michael, writer.
700 ## - ADDED ENTRY--PERSONAL NAME
Personal name Sheen, Michael, star.
700 ## - ADDED ENTRY--PERSONAL NAME
Personal name Bello, Maria, star.
700 ## - ADDED ENTRY--PERSONAL NAME
Personal name Gallner, Kyle, star.
942 ## - ADDED ENTRY ELEMENTS (KOHA)
Source of classification or shelving scheme
Item type Audio-Visual Materials

No copies available.

Cagayan State University University Library, Carig Campus
Tuguegarao City, Cagayan 3500 | www.csucarig.edu.ph

Powered by Koha